| 000 | 02065cam a22004218i 4500 | ||
|---|---|---|---|
| 001 | 23723099 | ||
| 005 | 20250521160619.0 | ||
| 008 | 240607s2025 nyu b 001 0 eng | ||
| 010 | _a 2024024660 | ||
| 020 | _a9798765104101 | ||
| 020 | _a9798765104095 | ||
| 037 | _cTB | ||
| 040 |
_aCRL _beng _erda _cCRL |
||
| 041 |
_2eng _aeng |
||
| 042 | _apcc | ||
| 050 | 0 | 0 |
_aPN6101 _b.P5447 2025 |
| 084 |
_aO111,1x R5 _qCRL |
||
| 245 | 0 | 4 |
_aThe poetry reader : _ban anthology |
| 260 |
_aNew York, USA: _bBloomsbury Academic, _c2025. |
||
| 263 | _a1111 | ||
| 264 | 1 | _c2025. | |
| 300 | _axii, 222p. cm | ||
| 336 |
_atext _btxt _2rdacontent |
||
| 337 |
_aunmediated _bn _2rdamedia |
||
| 338 |
_avolume _bnc _2rdacarrier |
||
| 365 |
_b17.99 _cUKP |
||
| 504 | _aIncludes bibliographical references and index. | ||
| 520 |
_a"This companionable anthology shows how poetry is a discussion, alive and flowing, and how poems speak to, with, and sometimes over one another. If you are a teacher, this is the anthology you wish you had as a student - a text that doesn't try to survey entire time periods or aesthetic areas, but one that places side-by-side poems that speak to each other over time as well as to today's readers. Header notes for each section provide critical commentary and guidance, with discussion and writing suggestions, framing the poems within their given topic and enticing readers"-- _cProvided by publisher. |
||
| 650 | 0 |
_aPoetry _vCollections. _9809256 |
|
| 650 | 0 |
_aEnglish Literature _9784584 |
|
| 655 | 7 |
_aPoetry. _2lcgft _9809257 |
|
| 700 | 1 |
_aYakich, Mark, _eeditor. _9809258 |
|
| 776 | 0 | 8 |
_iOnline version: _tPoetry reader. _dNew York : Bloomsbury Academic, 2025 _z9798765104118 _w(DLC) 2024024661 |
| 906 |
_a0 _bvip _corignew _d1 _eecip _f20 _gy-gencatlg |
||
| 942 |
_2CC _cTB _hO111,1x R5 _n0 |
||
| 999 |
_c1428973 _d1428973 |
||